000 00293nam a2200109Ia 4500
008 200302s9999 xx 000 0 und d
100 _aNot Known
245 _aThe Secret Of Bidding: Collection Of Excellent Building Competitve Biddings
260 _bPublisher
260 _c2010
300 _a258 P
999 _c4934
_d4934